Länder mit der höchsten Kindersterblichkeitsrate - Statistiken

Allgemein
  • Dieses Quiz wurde 133 mal gespielt
  • Das Durchschnittsergebnis liegt bei 18 aus 25
Antwortstatistiken
Platz Land Sterberate pro 1.000 Kleinkinder Kontinent % Korrekt
6. Niger 81,1 Afrika
94%
11. Demokratische Republik Kongo 68,2 Afrika
89%
8. Nigeria 69,8 Afrika
89%
22. Republik Kongo 54,9 Afrika
88%
20. Uganda 56,1 Afrika
84%
2. Somalia 94,8 Afrika
83%
15. Südsudan 62,8 Afrika
80%
9. Mali 69,5 Afrika
79%
5. Tschad 85,4 Afrika
79%
12. Angola 67,6 Afrika
75%
3. Zentralafrikanische Republik 86,3 Afrika
74%
16. Sambia 61,1 Afrika
72%
23. Benin 52,8 Afrika
69%
13. Mosambik 65,9 Afrika
69%
19. Burundi 58,8 Afrika
68%
17. Gambia 60,2 Afrika
68%
24. Liberia 52,2 Afrika
68%
7. Burkina Faso 72,2 Afrika
67%
4. Guinea-Bissau 85,7 Afrika
67%
21. Elfenbeinküste 55,8 Afrika
66%
10. Sierra Leone 68,4 Afrika
66%
1. Afghanistan 110,6 Asien
62%
14. Äquatorialguinea 65,2 Afrika
62%
25. Pakistan 52,1 Asien
60%
18. Komoren 60 Afrika
54%
Keine übereinstimmenden Quizze gefunden
Verteilung der Resultate
Anzahl Personen mit jedem Resultat
Perzentil nach korrekt beantworteten Fragen
Ihre Resultats-Entwicklung
Sie haben dieses Quiz noch nicht gespielt